| 000 | 00610nam a22002177a 4500 | ||
|---|---|---|---|
| 999 |
_c3163 _d3163 |
||
| 003 | OSt | ||
| 005 | 20191105155108.0 | ||
| 008 | 160303b xxu||||| |||| 00| 0 eng d | ||
| 020 | _a9780071115476 | ||
| 020 | _a0071115471 | ||
| 040 | _cDDC. | ||
| 082 | _a658GEO 2006. | ||
| 100 |
_aGeorge, Jennifer M; Jones, Gareth R. _97068 |
||
| 245 |
_aConteporary Management: _bcreating value in organisation; |
||
| 250 | _a4th ed. | ||
| 260 |
_aBoston; _bMcGraw Hill, _c2006. |
||
| 300 |
_axxvi,728p; _bill; _c26cm |
||
| 504 | _aincludes Credit Notes and glossary. | ||
| 650 |
_aManagement. _9364 |
||
| 942 |
_2ddc _cSLOAN |
||